<?xml version="1.0" encoding="UTF-8"?>
<record
    xmlns:xsi="http://www.w3.org/2001/XMLSchema-instance"
    xsi:schemaLocation="http://www.loc.gov/MARC21/slim http://www.loc.gov/standards/marcxml/schema/MARC21slim.xsd"
    xmlns="http://www.loc.gov/MARC21/slim">

  <leader>00605nam a22002177a 4500</leader>
  <controlfield tag="003">UA-OsUOA</controlfield>
  <controlfield tag="001"> 82488 </controlfield>
  <controlfield tag="007">ta</controlfield>
  <controlfield tag="008">20120306b un ||||| |||| 00| 0 ukr d</controlfield>
  <datafield tag="100" ind1=" " ind2=" ">
    <subfield code="a">&#x421;&#x442;&#x435;&#x439;&#x43B;&#x430; &#x414;.</subfield>
  </datafield>
  <datafield tag="090" ind1=" " ind2=" ">
    <subfield code="a">101</subfield>
    <subfield code="b">&#x421;79</subfield>
  </datafield>
  <datafield tag="942" ind1=" " ind2=" ">
    <subfield code="c">SA</subfield>
  </datafield>
  <datafield tag="040" ind1=" " ind2=" ">
    <subfield code="a">UA-OsUOA</subfield>
    <subfield code="b">rus</subfield>
    <subfield code="c">UA-OsUOA</subfield>
    <subfield code="d">UA-OsUOA</subfield>
  </datafield>
  <datafield tag="245" ind1=" " ind2=" ">
    <subfield code="a">&#x427;&#x435;&#x43B;&#x43E;&#x432;&#x435;&#x447;&#x435;&#x441;&#x43A;&#x430;&#x44F; &#x434;&#x435;&#x44F;&#x442;&#x435;&#x43B;&#x44C;&#x43D;&#x43E;&#x441;&#x442;&#x44C; &#x438; &#x438;&#x441;&#x442;&#x438;&#x43D;&#x430;: &#x440;&#x430;&#x43D;&#x438;&#x435; &#x440;&#x443;&#x441;&#x441;&#x43A;&#x438;&#x435; &#x43C;&#x430;&#x440;&#x43A;&#x441;&#x438;&#x441;&#x442;&#x44B; &#x438; &#x43F;&#x440;&#x430;&#x433;&#x43C;&#x430;&#x442;&#x438;&#x437;&#x43C;</subfield>
  </datafield>
  <datafield tag="300" ind1=" " ind2=" ">
    <subfield code="a">&#x421;.129-144</subfield>
  </datafield>
  <datafield tag="955" ind1=" " ind2=" ">
    <subfield code="a">0</subfield>
  </datafield>
  <datafield tag="041" ind1=" " ind2=" ">
    <subfield code="a">rus</subfield>
  </datafield>
  <datafield tag="080" ind1=" " ind2=" ">
    <subfield code="a">101</subfield>
  </datafield>
  <datafield tag="773" ind1="0" ind2=" ">
    <subfield code="w">82477</subfield>
  </datafield>
  <datafield tag="650" ind1=" " ind2="7">
    <subfield code="a">1 &#x424;&#x456;&#x43B;&#x43E;&#x441;&#x43E;&#x444;&#x441;&#x44C;&#x43A;&#x456; &#x43D;&#x430;&#x443;&#x43A;&#x438;</subfield>
    <subfield code="2">UDC</subfield>
  </datafield>
  <datafield tag="999" ind1=" " ind2=" ">
    <subfield code="c">368802</subfield>
    <subfield code="d">368802</subfield>
  </datafield>
</record>
